1871 1549 1803 1440 1065 1499 1981 1040 1433 1807 1868 1409 1987 1403 1807 1658 1409 1195 1629 1594 1442 1763 1690 1216 1976 1497 1215 1837 1274 1875 1722 1759 1739 1343 1590 1061 1029 1455 1628 1842 1695 1447 1244 1111 1523 1599 1519 1375 1312 1626 1655 1935 1512 1404 1060 1743 1585 1665 1474 1347 1762 1241 1304 1539 1335 1518 1853 1676 1842 1505 1327 1657 1438 1742 1096 1910 1035 1139 1769 1956 1843 1095 1927 1059 1852 1672 1813 1090 1650 1163 1921 1605 1224 1296 1422 1097 1725 1960 1964 BCNSPRNW ULIB Ver.6.0+V

เปลี่ยนเป็นภาษาไทย

Change to English
 แสดงรายละเอียดบรรณานุกรม
  กลับหน้าหลัก

Brief Record : Get Marc (ISO 2709) : E-mail record : QR code < ปิดหน้าต่าง
LEADER : 00000nam 2200000uu 4500
001    13399109880
003     ULIB
008    110418s2551||||th 000 0 tha d
020    9789744221194
060 04 WD220^bช642ก 2551
100 0  ชูเกียรติ เกียรติขจรกุล
245 10 การดูแลรักษาผู้ป่วยเด็กที่มีปัญหาทางด้านสารน้ำและelectrolyte /^cชูเกียรติ เกียรติขจรกุล
250    ฉบับปรับปรุงใหม่
260    กรุงเทพฯ :^bสถาบันสุขภาพเด็กแห่งชาติมหาราชินี กรมการแพทย์กระทรวงสาธารณสุข,^c2551
300    212 หน้า :^bภาพประกอบ ;^c26 ซม.
650  7 สารน้ำในร่างกาย^xในวัยทารกและวัยเด็ก
650  7 สารน้ำในร่างกายผิดปกติ^xในวัยทารกและวัยเด็ก
650  7 การรักษาด้วยสารน้ำ^xในวัยทารกและวัยเด็ก
650  7 อีเล็คโตรลัยท์^xในวัยทารกและวัยเด็ก
650  7 น้ำ-อีเล็คโตรลัยท์ไม่สมดุล^xในวัยทารกและวัยเด็ก
710 2  กรมการแพทย์. ^bสถาบันสุขภาพเด็กแห่งชาติมหาราชนี
945    ^p0^l0^i026242
945    ^p0^l0^i026155
945    ^p0^l0^i026153
945    ^p0^l0^i025486
945    ^p0^l0^i025484
945    ^p0^l0^i025482
945    ^p0^l0^i025481
945    ^p0^l0^i026243
945    ^p0^l0^i026156
945    ^p0^l0^i026154
945    ^p0^l0^i025487
945    ^p0^l0^i025485
945    ^p0^l0^i025483
995    ทศพร
999 ^a ใช้งานได้ทุกระบบ
รายการนี้ยังไม่มีแท็ก
คุณยังไม่ได้ล็อกอิน คุณสามารถมีกิจกรรมร่วมกับเว็บไซต์ได้ แต่ต้องล็อกอินก่อน ::
  ล็อกอิน

รายการสื่อสารสนเทศ

ลำดับที่ ประเภท เลขเรียก/บาร์โค้ด สถานที่ สถานะ
- ไม่พบข้อมูล -

รายการใกล้เคียง
    ผู้แต่ง [ชูเกียรติ เกียรติขจรกุล]

BibComment


ยังไม่เคยถูกคอมเมนท์

คอมเมนท์ทรัพยากรรายการนี้
  คอมเมนท์: การดูแลรักษาผู้ป่..


 Copyright 2026. Bcnsprnw @Library